Thường thức về các bệnh thần kinh

Na minha lista:
Detalhes bibliográficos
Autor principal: Nguyễn Chương
Formato: Livro
Idioma:Undetermined
Publicado em: Hà Nội Y học 1985
Assuntos:
Tags: Adicionar Tag
Sem tags, seja o primeiro a adicionar uma tag!
Thư viện lưu trữ: Trung tâm Học liệu Trường Đại học Cần Thơ
LEADER 00545nam a2200181Ia 4500
001 CTU_8198
008 210402s9999 xx 000 0 und d
082 |a 616.8 
082 |b Ch561 
100 |a Nguyễn Chương 
245 0 |a Thường thức về các bệnh thần kinh 
245 0 |c Nguyễn Chương 
260 |a Hà Nội 
260 |b Y học 
260 |c 1985 
650 |a nervous systems - diseases 
904 |i Nguyễn Quang Điền, 960601 
980 |a Trung tâm Học liệu Trường Đại học Cần Thơ